000 01461nam0a22002891 4500
001 RU\NLR\A1SV\86413
005 20251203171251.9
035 _a(NLR Aleph) 009767814
090 _a10043991
_c10043991
100 _a20080402d1925 u y0rusy50 ca
101 0 _arus
102 _aRU
200 1 _aМетодика антропометрических исследований
_eСб. инструкций для работ в учреждениях (воспитат., школ., спортивно-гимнаст., профессион., воен., лечеб.) Наркомздрава, разраб. Спец. комис. при Антропол. ин-те М. Г. ун-та с участием представителей назв. учреждений
_fПод ред. и со вступ. ст. пред. Комис. проф. В.В.Бунака
_gНар. ком. здрав.
210 _aМ.
_cИзд-во Наркомздрава
_d1925
215 _aII, 144 с., 1 л. ил.
_cтабл.
_d26 см
620 _dМосква
702 1 _aБунак
_bВ.В.
_gВиктор Валерианович
710 0 2 _aНИИ антропологии
_bКомиссия по унификации антропометрических методов
_cМосква
801 0 _aRU
_bNLR
_c20080402
852 _aNLR
_j17.163.3.42
852 _aNLR
_j122/101
899 _aРКП
899 _aРГБ
942 _cBOOK
980 _aNB
980 _aA1SV